000 00253nam a22001097a 4500
082 _a294
100 _aRengarajan , T.
_979755
245 _aDictionary of Indian Epics
260 _aDelhi
_bEastern Books
_c2006
650 _aReligion
_979756
942 _cBK
999 _c63359
_d63359